<?xml version="1.0" encoding="UTF-8"?>
<collection xmlns:xsi="http://www.w3.org/2001/XMLSchema-instance" xsi:schemaLocation="http://www.loc.gov/MARC21/slim http://www.loc.gov/standards/marcxml/schema/MARC21slim.xsd" xmlns="http://www.loc.gov/MARC21/slim">
 <record>
  <leader>00000cam a22000003i 4500</leader>
  <controlfield tag="001">UP-1685594773862054357</controlfield>
  <controlfield tag="003">Buklod</controlfield>
  <controlfield tag="005">20170218093909.0</controlfield>
  <controlfield tag="006">g||| |     ||   ||</controlfield>
  <controlfield tag="007">ta</controlfield>
  <controlfield tag="008">170218s2015    enk     rb   |001 0|eng d</controlfield>
  <datafield tag="020" ind1=" " ind2=" ">
   <subfield code="a">9781138013094 (hbk.)</subfield>
  </datafield>
  <datafield tag="035" ind1=" " ind2=" ">
   <subfield code="a">(iLib)UPBAG-00023342865</subfield>
  </datafield>
  <datafield tag="037" ind1=" " ind2=" ">
   <subfield code="a">BC-67604</subfield>
   <subfield code="b">Academic Book Sales</subfield>
   <subfield code="c">Php9,685.80</subfield>
   <subfield code="n">Prof. Elizabeth Calinawagan</subfield>
  </datafield>
  <datafield tag="040" ind1=" " ind2=" ">
   <subfield code="a">DCAL</subfield>
   <subfield code="d">BAG</subfield>
   <subfield code="e">rda</subfield>
  </datafield>
  <datafield tag="041" ind1="0" ind2=" ">
   <subfield code="a">eng</subfield>
  </datafield>
  <datafield tag="090" ind1=" " ind2="0">
   <subfield code="a">LC 201.7 A78</subfield>
   <subfield code="b">L36 2014</subfield>
  </datafield>
  <datafield tag="245" ind1="0" ind2="0">
   <subfield code="a">Language planning for medium of instruction in Asia</subfield>
   <subfield code="c">edited by M. Obaidul Hamid, Hoa T. Mai Nguyen and Richard B. Baldauf Jr.</subfield>
  </datafield>
  <datafield tag="264" ind1=" " ind2="1">
   <subfield code="a">Abingdon, Oxon, [England]</subfield>
   <subfield code="b">Routledge</subfield>
   <subfield code="c">2014.</subfield>
  </datafield>
  <datafield tag="300" ind1=" " ind2=" ">
   <subfield code="a">x, 208 pages</subfield>
   <subfield code="c">25 cm</subfield>
  </datafield>
  <datafield tag="500" ind1=" " ind2=" ">
   <subfield code="a">&quot;This book was originally published as a special issue of Current Issues in Language Planning&quot;--Half-title page.</subfield>
  </datafield>
  <datafield tag="504" ind1=" " ind2=" ">
   <subfield code="a">Includes index and bibliographical references.</subfield>
  </datafield>
  <datafield tag="505" ind1="0" ind2=" ">
   <subfield code="a">1. Medium of instruction in Asia: Context, process and outcomes M. Obaidul Hamid, Hoa Thi Mai Nguyen and Richard B. Baldauf Jr. -- 2. 'English-only', but not a medium-of-instruction policy: the Japanese way of internationalising education for both domestic and overseas students Kayoko Hashimoto -- 3. Will the new fine-tuning medium-of-instruction policy alleviate the threats of dominance of English-medium instruction in Hong Kong? Anita Y.K. Poon -- 4. The impacts of globalisation on EFL teacher education through English as a medium of instruction: an example from Vietnam Dang Thi Kim Anh, Hoa Thi Mai Nguyen and Truc Thi Thanh Le -- 5. A changing paradigm in language planning: English-medium instruction policy at the tertiary level in Malaysia Nor Liza Ali -- 6. Navigating through the English-medium-of-instruction policy: voices from the field Nugrahenny T. Zacharias -- 7. Finding space for non-dominant languages in education: language policy and medium of instruction in Timor-Leste 2000-2012 Kerry Taylor-Leech -- 8. Language ideologies and local languages as the medium-of-instruction policy: a critical ethnography of a multilingual school in Nepal Prem Phyak -- 9. Medium of instruction policies and language practices, ideologies and institutional divides: voices of teachers and students in a private university in Bangladesh M. Obaidul Hamid, Iffat Jahan and M. Monjurul Islam -- 10. Mediating inequalities: exploring English-medium instruction in a suburban Indian village school Usree Bhattacharya -- 11. The challenge of medium of instruction: a view from Maldivian schools Naashia Mohamed.</subfield>
  </datafield>
  <datafield tag="650" ind1=" " ind2="0">
   <subfield code="a">Native language and education</subfield>
   <subfield code="z">Asia.</subfield>
  </datafield>
  <datafield tag="650" ind1=" " ind2="0">
   <subfield code="a">Language policy</subfield>
   <subfield code="z">Asia.</subfield>
  </datafield>
  <datafield tag="650" ind1=" " ind2="0">
   <subfield code="a">Language policy.</subfield>
  </datafield>
  <datafield tag="650" ind1=" " ind2="0">
   <subfield code="a">Education, Bilingual</subfield>
   <subfield code="x">Government policy.</subfield>
  </datafield>
  <datafield tag="700" ind1="1" ind2=" ">
   <subfield code="a">Hamid, M. Obaidul</subfield>
   <subfield code="e">editor.</subfield>
  </datafield>
  <datafield tag="700" ind1="1" ind2=" ">
   <subfield code="a">Nguyen, Hoa Thi Mai</subfield>
   <subfield code="e">editor.</subfield>
  </datafield>
  <datafield tag="700" ind1="1" ind2=" ">
   <subfield code="a">Baldauf, Richard B.</subfield>
   <subfield code="b">Jr.</subfield>
   <subfield code="e">editor.</subfield>
  </datafield>
  <datafield tag="905" ind1=" " ind2=" ">
   <subfield code="a">FO</subfield>
  </datafield>
  <datafield tag="852" ind1="0" ind2=" ">
   <subfield code="a">UPBAG</subfield>
   <subfield code="b">UPBAG-MAIN</subfield>
   <subfield code="h">LC 201.7 A78 L36 2014</subfield>
  </datafield>
  <datafield tag="942" ind1=" " ind2=" ">
   <subfield code="a">Book</subfield>
  </datafield>
 </record>
</collection>
